Riconosci il Pokémon - Quiz n°861 - Statistics

Statistiche generali
  • Questo quiz è stato fatto 0 volte
  • Il punteggio medio è 0 su 10
Statistiche sulle risposte
Indizio Risposta % Corretto
Peso 106,6 kg
0%
Altezza 2,2 m
0%
Tasso di cattura 45 (11.9%)
0%
Sesso 50% ♂, 50% ♀
0%
Pokémon Dusknoir
0%
Abilità Pressione; Indagine
0%
Generazione Quarta
0%
Stadio evoluzione Seconda evoluzione
0%
Tipo Spettro
0%
Tasso di allevamento Veloce
0%
Nessun quiz corrispondente trovato
Distribuzione punteggi
Percentuale di utenti per punteggio
Percentile per numero di risposta
I tuoi punteggi nel tempo
Non hai fatto questo quiz